1249 1401 1958 1288 1604 1526 1533 1566 1071 1463 1545 1776 1763 1624 1993 1575 1380 1158 1616 1814 1469 1275 1069 1996 1395 1145 1613 1686 1921 1616 1002 1155 1168 1720 1761 1003 1874 1232 1119 1084 1686 1455 1150 1674 1451 1985 1482 1837 1454 1434 1090 1444 1715 1908 1904 1349 1221 1888 1946 1443 1853 1852 1568 1984 1245 1236 1855 1299 1357 1404 1198 1850 1558 1791 1300 1901 1661 1486 1441 1250 1888 1020 1167 1312 1527 1786 1469 1143 1373 1530 1167 1826 1183 1056 1783 1309 1794 1412 1651 BCNSPRNW ULIB Ver.6.0+V

เปลี่ยนเป็นภาษาไทย

Change to English
 แสดงรายละเอียดบรรณานุกรม
  กลับหน้าหลัก

Brief Record : Get Marc (ISO 2709) : E-mail record : QR code < ปิดหน้าต่าง
LEADER : 00000nam 2200000uu 4500
001    13399120662
003     ULIB
008    121002s2550||||th 000 0 tha d
020    ^a9789741105687
050 04 ^aBQ5630^bส266ก
100 0  ^aสมพร กันทรดุษฎี-เตรียมชัยศรี
245 10 ^aการปฏิบัติสมาธิเพื่อการเยียวยาสุขภาพ /^cสมพร กันทรดุษฎี-เตรียมชัยศรี
250    ^aพิมพ์ครั้งที่ 4
260    ^aกรุงเทพฯ :^bภาควิชาการพยาบาลสาธารณสุข คณะสาธารณสุขศาสตร์มหาวิทยาลัยมหิดล,^c2550
300    ^a78 หน้า :^bภาพประกอบ ;^c21 ซม.
440  0 ^aชุดตำราการดูแลสุขภาพทางเลือกและการเยียวยาผสมผสานทางการพยาบาลและการพยาบาลสาธารณสุข
536    ^aสนับสนุนโดย สำนักการแพทย์ทางเลือกกรมพัฒนาการแพทย์แผนไทยและการแพทย์ทางเลือก กระทรวงสาธารณสุข
650  7 ^aการแพทย์ทางเลือก
650  7 ^aสมาธิ^xแง่การแพทย์
710 2  ^aมหาวิทยาลัยมหิดล. ^bคณะสาธารณสุขศาสตร์.^bภาควิชาการพยาบาลสาธารณสุข
710 2  ^aกรมพัฒนาการแพทย์แผนไทยและการแพทย์ทางเลือก.^bสำนักการแพทย์ทางเลือก
945    ^p90^l0^i14481
995    ^aวิภา
999 ^a ใช้งานได้ทุกระบบ
รายการนี้ยังไม่มีแท็ก
คุณยังไม่ได้ล็อกอิน คุณสามารถมีกิจกรรมร่วมกับเว็บไซต์ได้ แต่ต้องล็อกอินก่อน ::
  ล็อกอิน

รายการสื่อสารสนเทศ

ลำดับที่ ประเภท เลขเรียก/บาร์โค้ด สถานที่ สถานะ
1. วิทยาศาสตร์การแพทย์ และสุขภาพ
วิทยาศาสตร์การแพทย์ และสุขภาพ
BQ5630 ส266ก  
  Barcode: 14481
ห้องสมุดวิทยาเขตสวรรค์ประชารักษ์
►หนังสือทั่วไป
บนชั้น

รายการใกล้เคียง
    ผู้แต่ง [สมพร กันทรดุษฎี-เตรียมชัยศรี]

    หัวเรื่อง [การแพทย์ทางเลือก]

BibComment


ยังไม่เคยถูกคอมเมนท์

คอมเมนท์ทรัพยากรรายการนี้
  คอมเมนท์: การปฏิบัติสมาธิเ..


 Copyright 2026. Bcnsprnw @Library